| 000 | 00595nam a2200193Ia 4500 | ||
|---|---|---|---|
| 005 | 20260114185700.0 | ||
| 008 | 008 260114s9999 xx 000 0 eng d | ||
| 020 | _a9780755625338 | ||
| 037 | _aEBOOK | ||
| 040 |
_aCRL _beng _cCRL |
||
| 041 |
_aeng _2eng |
||
| 084 | _qCRL | ||
| 100 |
_aPanagiotis Dimitrakis _9873077 |
||
| 245 | 0 | _aMilitary Intelligence in Cyprus From the Great War to Middle East Crises | |
| 260 |
_bBloomsbury _c2010 |
||
| 856 | _uhttps://doi.org/10.5040/9780755625338?locatt=label:secondary_bloomsburyCollections | ||
| 942 | _cEBOOK | ||
| 999 |
_c1472025 _d1472025 |
||